000 00717cam a2200229 a 4500
999 _c57418
_d57418
001 17464666
005 20221105200825.0
008 120912s2019 moua b 001 0 eng
020 _a9781455726509 1
020 _a978032354813 1
041 _aeng
080 _a616.092 B-22
100 1 _aBanasik, Jacquelyn L.
_98508
245 1 0 _aPathophysiology /
_cJacquelyn L. Banasik, Lee-Ellen C. Copstead.
250 _a6th ed.
264 _aSt. Louis, Mo. :
_bElsevier,
_c2019.
300 _a1177 p. :
_bcolor illustrations ;
_c28 cm.
653 _aპათოფიზიოლოგია
653 _aმედიცინა
700 1 _aCopstead, Lee Ellen.
_eავტორი
_98510
942 _2udc
_cBK